| 000 | 00388 a2200133 4500 | ||
|---|---|---|---|
| 001 | 91965 | ||
| 082 | _aPR 1737 | ||
| 090 |
_c43912 _d43911 |
||
| 100 | _aShayan Yasir; Prof Kashif Amjad Butt, Advisor | ||
| 245 |
_aDesign, Simulate, Fabricate and Test a 5025 GHZ MicrostripBandpass Filter _n65 'B" EC |
||
| 260 |
_aRawalpindi _bNUST _c2009 |
||
| 300 | _a44p | ||
| 500 | _aBE Project Reports | ||
| 942 |
_aCAE NUST _kPR 1737 |
||
| 999 |
_c327038 _d327038 |
||